000 00791nam a2200241Ia 4500
003 OSt
005 20220923212024.0
006 a|||||r|||| 00| 0
007 ta
008 220922b |||||||| |||| 00| 0 hin d
024 _a149,929
037 _cTextual
040 _aARTS
_cARTS
_bhin
041 _2hin
_ahin
082 _aa14-3152,12,N7, L9
100 _aमहाजन, यशपाल, संपा.
_9156274
245 0 _aहिन्दी ग्रंथ कोश
_b1976
246 _aHindī grantha kosha: 1976
260 _aदिल्ली
_b भारतीय ग्रंथ निकेतन
_c1979
300 _a128p
_ccm.
942 _ha14-3152,12,N7, L9
_cTEXL
_2CC
999 _c305609
_d305609